| 000 | 00548nam a2200217 a 4500 | ||
|---|---|---|---|
| 999 |
_c4565 _d4565 |
||
| 001 | 4565 | ||
| 003 | BD-JhCC | ||
| 005 | 20180402193054.0 | ||
| 008 | 171128s1967 e a|||| || | 001 0 eng d | ||
| 035 | _a(BD-JhCC)4565 | ||
| 040 |
_aBD-JhCC _dBD-JhCC |
||
| 041 | _aeng | ||
| 082 |
_a070 _bBRI 1967 |
||
| 100 | _aThe British Council | ||
| 245 |
_aBritish Book News / _cThe British Council |
||
| 260 |
_aLondon : _bLongmans Books Ltd, _c1967. |
||
| 300 |
_a717 p. : _c22 cm. |
||
| 650 |
_aNews Paper _zBritish |
||
| 942 |
_2ddc _cBK |
||